000 00713nam a2200193 i 4500
001 154409
003 ES-MaACL
005 20241027184922.0
008 990714s1898 sp |||| | spa d
040 _aCCPB | B
_bspa
_cCCPB | B
100 1 _aGómez Chaix, Pedro.
_957869
245 1 0 _aPedro Gómez Sancho
_b: estudio biográfico /
_cpor Pedro Gómez Chaix.
260 _aMadrid :
_b[s.n.],
_c1898 (
_fImprenta de los Hijos de M. G. Hernández)
300 _a30 p., [1] h. de retr. ;
_c22 cm.
600 1 4 _aGómez Sancho, Pedro-
_vBiografías.
_9127704
852 _aES-MaACL
_jT-1449-F-4
_z-- Enc. hol., conservando la cub. original
_z-- Enc. en un vol. facticio
942 _2udc
999 _c154409
_d154409